| 000 | 00979nam a22002055i 4500 | ||
|---|---|---|---|
| 001 | 172335 | ||
| 003 | ES-MaACL | ||
| 005 | 20250902090034.0 | ||
| 008 | 090625s1998 sp |||| | spa d | ||
| 100 | 1 |
_aArregui Jiménez, Víctor-Carmelo. _9140853 |
|
| 245 | 1 | 3 |
_aEl Museo de América y las donaciones vascas al mismo _b: lección de ingreso como Amigo de Número leída el día 27 de julio de 1998 / _cpor Víctor-Carmelo Arregui Jiménez ; y contestación por Pablo J. Beltrán de Heredia. |
| 260 |
_aMadrid : _bDelegación en Corte de la R.S.B.A.P., _c1998. |
||
| 300 |
_a59 p. : _bil. ; _c21 cm. |
||
| 594 | _aPrecede al tít.: Real Sociedad Bascongada de los Amigos del País, Delegación en Corte. | ||
| 610 | 1 | 4 |
_aMuseo de América. _95835 |
| 700 | 1 |
_aBeltrán de Heredia Iraurgui, Pablo J. _927360 |
|
| 710 | 2 |
_aReal Sociedad Bascongada de los Amigos del País. _bDelegación en Corte _96371 |
|
| 852 |
_aES-MaACL _j2251-F-30 _9R.127026 |
||
| 999 |
_c172335 _d172335 |
||